| 000 | 01784cam a2200505 4500 | ||
|---|---|---|---|
| 001 | J126251 | ||
| 008 | 000000n2003 000 0 eng u | ||
| 035 | _a(Sirsi) u126251 | ||
| 050 |
_a338.4369094 _c18 |
||
| 110 |
_aEuroconstruct _bConference _n(55th : _d2003 _cBudapest) _94636 |
||
| 245 |
_a55th Euroconstruct Conference, Budapest, Hungary _bthe outlook for the European construction sector 2003-2005 |
||
| 260 |
_aBudapest _bBuild and Econ _aVienne _bWIFO _c2003 |
||
| 300 |
_a2 _fv. _c30cm. |
||
| 350 | _a775 | ||
| 505 | _aCountry reports: western European Countries; eastern European; Baltic countries | ||
| 505 | _aSummary report: global economic outlook and challenges for Europe; the European housing market; non-residential construction; civil engineering; construction markets to 2005; financing projects; national development plans; EU-action plan for competitiveness in the construction industry; eastern experience and outlook before accession; western experiences after accession; international experiences - competitiveness and co-operation | ||
| 650 | _aAUSTRIA | ||
| 650 | _aBELGIUM | ||
| 650 | _aCZECH REPUBLIC | ||
| 650 | _aDENMARK | ||
| 650 | _aEIRE | ||
| 650 | _aESTONIA | ||
| 650 | _aEUROPE | ||
| 650 | _aFINLAND | ||
| 650 | _aFRANCE | ||
| 650 | _aGERMANY | ||
| 650 | _aHUNGARY | ||
| 650 | _aITALY | ||
| 650 | _aLATVIA | ||
| 650 | _aLITHUANIA | ||
| 650 | _aNETHERLANDS | ||
| 650 | _aNORWAY | ||
| 650 | _aPOLAND | ||
| 650 | _aPORTUGAL | ||
| 650 | _aSLOVAK REPUBLIC | ||
| 650 | _aSPAIN | ||
| 650 | _aSWITZERLAND | ||
| 650 | _aUNITED KINGDOM | ||
| 650 | _aSTATISTICS | ||
| 650 | _aECONOMIC ISSUES | ||
| 650 | _aHOUSING | ||
| 650 | _aEUROCONSTRUCT | ||
| 690 | _aBUILT ENVIRONMENT-CONSTRUCTION MARKET | ||
| 942 | _n0 | ||
| 999 |
_c103589 _d103589 |
||